000 00629cam a2200229u 4500
001 5097
003 BD-RjUL
005 20211208234016.0
008 131224s1953 ii 001 0 eng d
035 _a(BD-RjUL)5133
040 _aDLC
_cCarP
_dDLC
_dBD-RjUL
_beng
041 _aeng
082 _a346.043
_bMIT 1953
100 1 _aMitra, Shambhudas.
_916051
245 0 0 _aA treatise on vendor & purchaser /
260 _aCalcutta,
_bEastern Law House,
_c1953.
300 _axxxii, 534 p.:
_c21 cm.
650 0 _aVendors and purchasers
_zIndia.
_916052
942 _2ddc
_cBK
999 _c5097
_d5097